Prueba de Chipre - Estadísticas

Estadísticas generales
  • Esta prueba ha sido intentada 959 veces
  • La puntuación promedio es 13 de 20
Estadísticas de respuestas
Pregunta Respuesta % Correcto
¿A qué dos continentes está Chipre más cerca geográficamente? Asia
99%
¿A qué dos continentes está Chipre más cerca geográficamente? África
98%
¿Cuál es la capital de Chipre? Nicosia
95%
¿Cuáles son los idiomas oficiales de Chipre? Turco
93%
¿Cuáles son los idiomas oficiales de Chipre? Griego
91%
¿Qué imperio conquistó la isla en 1570 d.C.? Imperio Otomano
87%
Chipre es la tercera isla más grande del Mediterráneo. ¿Qué dos islas son más grandes? Sicilia
86%
Una persona de Italia se llama un italiano. ¿Cómo se llama a una persona de Chipre? Chipriota
84%
¿Qué imperio controló la isla desde el 58 a.C. hasta las Cruzadas? Imperio Romano / Imperio Bizantino
78%
Chipre es la tercera isla más grande del Mediterráneo. ¿Qué dos islas son más grandes? Cerdeña
77%
¿Qué rama del cristianismo es practicada por el 78% de la población? Ortodoxa Griega
77%
¿Qué país tiene bases militares en la isla llamada Akrotiri y Dhekelia? Reino Unido
72%
¿Qué estado no reconocido, instalado después de la invasión turca de 1974, controla la parte norte del país? Chipre del Norte
63%
¿Qué diosa antigua supuestamente nació de la espuma del mar en la costa de Chipre? Afrodita
59%
¿Quién conquistó la isla en el 333 a.C.? Alejandro Magno
54%
¿Qué rey de las Cruzadas conquistó brevemente la isla en 1191 d.C.? Ricardo I
29%
¿Qué vegetal blanco de la familia Brassica se cree que proviene de Chipre? Coliflor
27%
¿Qué obra de Shakespeare, sobre un general moro, estaba ambientada principalmente en Chipre? Otelo
26%
¿Cuál es el apodo de la zona de amortiguación de la ONU que separa las dos partes del país? Línea {Verde}
22%
¿Cuál es la montaña más alta de Chipre? Monte Olimpo
21%
No se encontraron pruebas coincidentes
Distribución de puntuación
Porcentaje de gente con cada puntuación
Porcentaje por número respondido
Historial de tus puntuaciones
No has intentado esta prueba.